Encuentros : en amor___ y desamor /

Guardat en:
Dades bibliogràfiques
Autor principal: Moreno Martínez, José Luis (autor)
Altres autors: Merinoo, Rafael (ilustración) (ilustración)
Format: Llibre
Idioma:espanyol
Publicat: México : Arte y Cultura, 2003, c2003
Edició:2a edición
Matèries:
Etiquetes: Afegir etiqueta
Sense etiquetes, Sigues el primer a etiquetar aquest registre!

MARC

LEADER 00000nam^a2200000^a^4500
001 000186932
005 20250521000000.0
009 20260310102243.892
037 |a Acervo ITESO - Biblioteca 
041 |a ESP 
082 |a 701. 06  |b MOR MER 
100 |a Moreno Martínez, José Luis  |e (autor) 
245 1 0 |a Encuentros :  |b en amor___ y desamor /  |c J.L. Moreno Martínez ; il. de R. Merinoo. 
250 |a 2a edición 
264 4 |a México :  |b Arte y Cultura,  |c 2003, c2003 
300 |a 48 p. 
336 |a texto  |b txt  |2 rdacontenido 
337 |a sin mediación  |b n  |2 rdamedio 
338 |a volumen  |b nc  |2 rdasoporte 
649 |a XX 
650 |a Libros de Artista 
650 |a Poesía Amorosa -  |z Jalisco 
650 |a Poesía Amorosa -  |z México 
650 |a Poesía Jalisciense 
650 |a Poesía Mexicana 
650 |a Pintura y Literatura -  |z México 
650 |a Literatura Erótica -  |z Jalisco 
650 |a Literatura Erótica -  |z México 
650 |a Literatura Jalisciense -  |y Siglo XXI 
650 |a Literatura Mexicana -  |y Siglo XXI 
650 |a Pintura Mexicana -  |y Siglo XXI 
650 |a Arte Mexicano -  |y Siglo XXI 
650 |a Merinoo, Rafael -  |x Tema Principal 
650 |a Moreno Martínez, José Luis -  |x Tema Principal 
700 |a Merinoo, Rafael  |e (ilustración) 
910 |a Fondo General 
920 |a Impresos - Libros 
930 |a Reserva Especial 
905 |a 103 
901 |a 0500128851  |b IT1  |c REE  |u 20250521 
902 |a https://opac.biblio.iteso.mx/vufind/Record/000186932